<?xml version="1.0" encoding="UTF-8"?>
<record
    xmlns:xsi="http://www.w3.org/2001/XMLSchema-instance"
    xsi:schemaLocation="http://www.loc.gov/MARC21/slim http://www.loc.gov/standards/marcxml/schema/MARC21slim.xsd"
    xmlns="http://www.loc.gov/MARC21/slim">

  <leader>00679nam a2200217Ia 4500</leader>
  <controlfield tag="001">12537</controlfield>
  <controlfield tag="003">GE_BSU</controlfield>
  <controlfield tag="008">181216s||||||||xx |||||||||||||| ||und||</controlfield>
  <datafield tag="020" ind1=" " ind2=" ">
    <subfield code="a">9785970425602</subfield>
  </datafield>
  <datafield tag="040" ind1=" " ind2=" ">
    <subfield code="c">GE_BSU</subfield>
  </datafield>
  <datafield tag="080" ind1=" " ind2=" ">
    <subfield code="a">615.83(075.8)</subfield>
  </datafield>
  <datafield tag="100" ind1=" " ind2=" ">
    <subfield code="a">&#x410;&#x43B;&#x435;&#x43A;&#x441;&#x430;&#x43D;&#x434;&#x440;&#x43E;&#x432;,&#x412;.&#x412;. &#x410;&#x43B;&#x433;&#x430;&#x437;&#x438;&#x43D;,&#x410;.&#x418;.</subfield>
  </datafield>
  <datafield tag="245" ind1=" " ind2=" ">
    <subfield code="a">&#x41E;&#x441;&#x43D;&#x43E;&#x432;&#x44B; &#x432;&#x43E;&#x441;&#x441;&#x442;&#x430;&#x43D;&#x43E;&#x432;&#x438;&#x442;&#x435;&#x43B;&#x44C;&#x43D;&#x43E;&#x439; &#x43C;&#x435;&#x434;&#x438;&#x446;&#x438;&#x43D;&#x44B; &#x438; &#x444;&#x438;&#x437;&#x438;&#x43E;&#x442;&#x435;&#x440;&#x430;&#x43F;&#x438;&#x438;</subfield>
  </datafield>
  <datafield tag="260" ind1=" " ind2=" ">
    <subfield code="a">&#x41C;&#x43E;&#x441;&#x43A;&#x432;&#x430;</subfield>
  </datafield>
  <datafield tag="260" ind1=" " ind2=" ">
    <subfield code="b">&#x413;&#x435;&#x43E;&#x442;&#x430;&#x440;-&#x41C;&#x435;&#x434;&#x438;&#x430;</subfield>
  </datafield>
  <datafield tag="260" ind1=" " ind2=" ">
    <subfield code="c">2013</subfield>
  </datafield>
  <datafield tag="300" ind1=" " ind2=" ">
    <subfield code="a">136&#x441;&#x442;&#x440;.20&#x441;&#x43C;.</subfield>
  </datafield>
  <datafield tag="541" ind1=" " ind2=" ">
    <subfield code="h">30&#x41B;.</subfield>
  </datafield>
  <datafield tag="653" ind1=" " ind2=" ">
    <subfield code="a">&#x41E;&#x441;&#x43D;&#x43E;&#x432;&#x44B; &#x432;&#x43E;&#x441;&#x441;&#x442;&#x430;&#x43D;&#x43E;&#x432;&#x438;&#x442;&#x435;&#x43B;&#x44C;&#x43D;&#x43E;&#x439; &#x43C;&#x435;&#x434;&#x438;&#x446;&#x438;&#x43D;&#x44B; &#x438; &#x444;&#x438;&#x437;&#x438;&#x43E;&#x442;&#x435;&#x440;&#x430;&#x43F;&#x438;&#x438;</subfield>
  </datafield>
  <datafield tag="942" ind1=" " ind2=" ">
    <subfield code="c">BK</subfield>
  </datafield>
  <datafield tag="999" ind1=" " ind2=" ">
    <subfield code="c">45710</subfield>
    <subfield code="d">45710</subfield>
  </datafield>
  <datafield tag="952" ind1=" " ind2=" ">
    <subfield code="0">0</subfield>
    <subfield code="1">0</subfield>
    <subfield code="4">0</subfield>
    <subfield code="7">0</subfield>
    <subfield code="9">59847</subfield>
    <subfield code="d">2018-12-17</subfield>
    <subfield code="p">36313</subfield>
    <subfield code="r">2018-12-17</subfield>
    <subfield code="w">2018-12-17</subfield>
    <subfield code="y">BK</subfield>
  </datafield>
  <datafield tag="952" ind1=" " ind2=" ">
    <subfield code="0">0</subfield>
    <subfield code="1">0</subfield>
    <subfield code="4">0</subfield>
    <subfield code="7">0</subfield>
    <subfield code="9">59848</subfield>
    <subfield code="d">2018-12-17</subfield>
    <subfield code="p">36314</subfield>
    <subfield code="r">2018-12-17</subfield>
    <subfield code="w">2018-12-17</subfield>
    <subfield code="y">BK</subfield>
  </datafield>
  <datafield tag="952" ind1=" " ind2=" ">
    <subfield code="0">0</subfield>
    <subfield code="1">0</subfield>
    <subfield code="4">0</subfield>
    <subfield code="7">0</subfield>
    <subfield code="9">59849</subfield>
    <subfield code="d">2018-12-17</subfield>
    <subfield code="p">36315</subfield>
    <subfield code="r">2018-12-17</subfield>
    <subfield code="w">2018-12-17</subfield>
    <subfield code="y">BK</subfield>
  </datafield>
  <datafield tag="952" ind1=" " ind2=" ">
    <subfield code="0">0</subfield>
    <subfield code="1">0</subfield>
    <subfield code="4">0</subfield>
    <subfield code="7">0</subfield>
    <subfield code="9">59850</subfield>
    <subfield code="d">2018-12-17</subfield>
    <subfield code="p">36316</subfield>
    <subfield code="r">2018-12-17</subfield>
    <subfield code="w">2018-12-17</subfield>
    <subfield code="y">BK</subfield>
  </datafield>
  <datafield tag="952" ind1=" " ind2=" ">
    <subfield code="0">0</subfield>
    <subfield code="1">0</subfield>
    <subfield code="4">0</subfield>
    <subfield code="7">0</subfield>
    <subfield code="9">59851</subfield>
    <subfield code="d">2018-12-17</subfield>
    <subfield code="p">36317</subfield>
    <subfield code="r">2018-12-17</subfield>
    <subfield code="w">2018-12-17</subfield>
    <subfield code="y">BK</subfield>
  </datafield>
</record>
